00338 a2200109 4500001001000000005001700010008004100027245005300068100002200121700002300143773006200166ART_4497520260410162039.0260409a 10aLos mercados de trabajo agrarios en la Argentina1 aBenencia, Roberto1 aQuaranta, Germán0 tEstudios del trabajog- N° 32 (jul./dic. 2006)wREV44896